| 000 | 01009nam a2200205 i 4500 | ||
|---|---|---|---|
| 001 | 137424 | ||
| 003 | ES-MaACL | ||
| 005 | 20250819165550.0 | ||
| 007 | t| | ||
| 008 | 070214s1942 ag r ||||1| spa d | ||
| 100 | 1 |
_aSánchez-Albornoz, Claudio, _d1893-1984 _9102440 |
|
| 245 | 1 | 0 |
_aEn torno a los orígenes del feudalismo / _cClaudio Sánchez-Albornoz. |
| 260 |
_aMendoza (Argentina) : _b[s.n.], _c1942 ( _fTalls. Gráf. de J. Belmonte) |
||
| 300 |
_a3 v. ; _c28 cm. |
||
| 500 | _aPrecede al Tit : Universidad Nacional de Cuyo. | ||
| 505 | 8 |
_aContiene:1 ; _tFideles y gardingos en la monarquía visigoda. Raíces del vasallaje y del beneficio hispanos - 2 ; _tLos árabes y el régimen feudal prefeudal carolingio. Fuentes de la historia hispano-musulmana del siglo VIII - 3 ; _tLos árabes y el régimen prefeudal carolingio. La caballería musulmana y la caballería franca del siglo VIII |
|
| 650 | 7 |
_aFeudalismo _2embne _912768 |
|
| 852 |
_aES-MaACL _jB-1739-41 |
||
| 999 |
_c137424 _d137424 |
||